| 000 | 01549nam a2200517 a 4500 | ||
|---|---|---|---|
| 003 | AR-BaBNM | ||
| 005 | 20251128204324.0 | ||
| 008 | 082120s2002 ||||||||||||||000 | spa|| | ||
| 020 | _a950-582-049-8 | ||
| 040 | _cAR-BaBNM | ||
| 100 | 1 | _aKisnerman, Natalio | |
| 245 | 0 | 0 |
_aGrupos recreativos con adolescentes _bservicio social en la escuela secundaria |
| 250 | _a5ª ed. | ||
| 260 |
_aBuenos Aires _bHumanitas _c1986 |
||
| 300 |
_a126 p. _bgráfs. |
||
| 490 | 0 |
_aCuadernos de servicio social _vv. 15 |
|
| 500 | _aCoordinación y producción por Osvaldo Dubini | ||
| 500 | _aContiene apéndice | ||
| 500 | _aContiene referencias bibliográficas | ||
| 650 | 4 | _aDINAMICA DE GRUPO | |
| 650 | 4 | _aSERVICIOS SOCIALES | |
| 650 | 4 | _aPLANIFICACION DE LA EDUCACION | |
| 650 | 4 | _aOBJETIVOS EDUCACIONALES | |
| 650 | 4 | _aMETODOS DE ENSEÑANZA | |
| 650 | 4 | _aFORMACION EN RELACIONES HUMANAS | |
| 650 | 4 | _aFORMACION EN EQUIPO | |
| 650 | 4 | _aINTERACCION SOCIAL | |
| 650 | 4 | _aCOMUNICACION SOCIAL | |
| 650 | 4 | _aLIDERAZGO | |
| 650 | 4 | _aFORMACION DE LIDERES | |
| 650 | 4 | _aENTREVISTAS | |
| 650 | 4 | _aAUTOEVALUACION | |
| 650 | 4 | _aTECNICAS SOCIOMETRICAS | |
| 650 | 4 | _aOBSERVACION | |
| 650 | 4 | _aGRUPOS DE DISCUSION | |
| 650 | 4 | _aTRABAJO EN GRUPO [METODO DE ENSEÑANZA] | |
| 650 | 4 | _aSUPERVISION | |
| 650 | 4 | _aCLUBES | |
| 650 | 4 | _aPERIODISMO | |
| 650 | 4 | _aDRAMATIZACION | |
| 650 | 4 | _aTECNICAS DIDACTICAS | |
| 653 | _aEDUCACION SECUNDARIA | ||
| 800 | 1 |
_aSierra de Villaverde, Sela _edirector |
|
| 942 | _cBK | ||
| 998 | _cGrace | ||
| 999 |
_c7018 _d7018 |
||